NHL Hall of Famers - Statistics

General Stats
  • This quiz has been taken 1,284 times
    1,200 since last reset
  • The average score is 57 of 271
Answer Stats
Answer % Correct
Wayne Gretzky
92%
Gordie Howe
78%
Mark Howe
78%
Syd Howe
78%
Bobby Hull
76%
Brett Hull
76%
Mario Lemieux
73%
Bobby Orr
72%
Mark Messier
72%
Patrick Roy
71%
Henri Richard
68%
Maurice Richard
68%
Dominek Hasek
63%
Phil Esposito
62%
Tony Esposito
62%
Jari Kurri
61%
Joe Sakic
61%
Steve Yzerman
61%
Mats Sundin
59%
Guy Lafleur
58%
Mike Modano
58%
Peter Forsberg
58%
Alf Smith
57%
Billy Smith
57%
Clint Smith
57%
Hooley Smith
57%
Tommy Smith
57%
Niklas Lidstrom
56%
Mike Bossy
55%
Paul Coffey
55%
Pavel Bure
55%
Ray Bourque
55%
Bryan Trottier
52%
Bobby Clarke
51%
Jacques Plante
50%
Grant Fuhr
49%
Marcel Dionne
49%
Stan Mikita
48%
Eric Lindros
47%
Jean Beliveau
46%
Brian Leetch
44%
Chris Chelios
44%
Denis Potvin
44%
Ken Dryden
44%
Luc Robitaille
44%
Scott Stevens
44%
Rob Blake
43%
Toe Blake
43%
Denis Savard
42%
Serge Savard
42%
Brendan Shanahan
41%
Larry Robinson
41%
Ron Francis
41%
Glenn Hall
40%
Joe Hall
40%
Dale Hawerchuk
38%
Terry Sawchuk
38%
Chris Pronger
37%
Johnny Bucyk
37%
Ed Belfour
36%
Peter Stastny
36%
Scott Niedermayer
36%
Al MacInnis
35%
Billy Gilmour
35%
Doug Gilmour
35%
Mike Gartner
35%
Pat LaFontaine
35%
Borje Salming
34%
Georges Vezina
34%
Lanny McDonald
34%
Howie Morenz
33%
Tim Horton
32%
Adam Oates
31%
Sergei Federov
31%
Bernie Geoffrion
30%
Ching Johnson
30%
Moose Johnson
30%
Tom Johnson
30%
Berne Parent
29%
Doug Harvey
29%
Johnny Bower
29%
Phil Housley
29%
Bryan Hextall
28%
Darryl Sittler
28%
Eddie Shore
28%
Sid Abel
28%
Yvan Cournoyer
28%
Joe Nieuwendyk
27%
Red Kelly
27%
Alex Delvecchio
26%
Bob Gainey
26%
Dave Keon
26%
Rod Gilbert
26%
Michel Goulet
25%
Bill Barber
24%
Brad Park
24%
Elmer Lach
24%
Guy LaPointe
24%
Jacques Lemaire
24%
Steve Shutt
24%
Frank Mahovlich
23%
Rogatien Vachon
23%
Viacheslav Fetisov
23%
Vladislav Tretiak
23%
Andy Bathgate
22%
Dickie Moore
22%
Dino Ciccarelli
22%
Jean Ratelle
22%
Syl Apps
22%
Turk Broda
22%
Clark Gillies
21%
Sergei Makarov
21%
Milt Schmidt
20%
Bernie Federko
19%
Charlie Conacher
19%
Gerry Cheevers
19%
Gump Worsley
19%
Lionel Conacher
19%
Roy Conacher
19%
Ted Lindsey
19%
Busher Jackson
18%
Joe Mullen
18%
King Clancy
18%
Pierre Pilote
18%
Ted Kennedy
18%
Larry Murphy
17%
Tiny Thompson
17%
Aurele Joliat
16%
Cyclone Taylor
16%
Doug Bentley
16%
Emile Bouchard
16%
Max Bentley
16%
Norm Ullman
16%
Rod Langway
16%
Bill Durnan
15%
Eddie Giacomin
15%
Phat Wilson
15%
George Hainsworth
14%
Bill Cook
13%
Bun Cook
13%
Dit Clapper
13%
George Armstrong
13%
Harry Howell
13%
Jacques Laperriere
13%
Joe Malone
13%
Frank Brimsek
12%
Hap Day
12%
Lester Patrick
12%
Lynn Patrick
12%
Newsy Lalonde
12%
Valeri Kharlamov
12%
Bobby Bauer
11%
Gilbert Perrault
11%
Gordon Roberts
10%
Frank Nighbor
9%
Woody Dumart
9%
Ace Bailey
8%
Art Ross
8%
Buck Boucher
8%
Cammi Granato
8%
Cam Neely
8%
Clint Benedict
8%
Frank Boucher
8%
Glenn Anderson
8%
Harry Lumley
8%
Jack Stewart
8%
Marcel Pronovost
8%
Nels Stewart
8%
Sprague Cleghorn
8%
Angela James
7%
Bert Olmstead
7%
Bill Mosienko
7%
Cy Denneny
7%
Dick Duff
7%
Hobey Baker
7%
Igor Larionov
7%
Jack Adams
7%
Allan Stanley
6%
Barney Stanley
6%
Joe Primeau
6%
Shorty Green
6%
Babe Siebert
5%
Charlie Gardiner
5%
Herb Gardiner
5%
Ken Reardon
5%
Angela Ruggiero
4%
Babe Pratt
4%
Bill Cowley
4%
Dick Irvin
4%
Didier Pitre
4%
Harry E. Watson
4%
Harry P. Watson
4%
Jack Laviolette
4%
Mike Grant
4%
Roy Worters
4%
Allan Davidson
3%
Bill Quackenbush
3%
Bob Pulford
3%
Buddy O'Connor
3%
Chuck Rayner
3%
Cooney Weiland
3%
Edgar Laprade
3%
George Hay
3%
George Richardson
3%
Geraldine Heaney
3%
Harvey Pulford
3%
Herbie Lewis
3%
Leo Boivin
3%
Sylvio Mantha
3%
Alec Connell
2%
Babe Dye
2%
Bill Gadsby
2%
Bruce Stuart
2%
Dan Bain
2%
Earl Seibert
2%
Ebbie Goodfellow
2%
Eddie Gerard
2%
Frank McGee
2%
Hod Stuart
2%
Jack Marshall
2%
Jack Walker
2%
Jimmy Gardner
2%
Joe Simpson
2%
Marty Barry
2%
Oliver Seibert
2%
Paddy Moran
2%
Russell Bowie
2%
Sweeney Schriner
2%
Tommy Phillips
2%
Art Coulter
1%
Arthur Farrell
1%
Billy Burch
1%
Blair Russel
1%
Dickie Boon
1%
Duke Keats
1%
Ernie Russell
1%
Fernie Flaman
1%
Frank Foyston
1%
Frank Fredrickson
1%
Frank Rankin
1%
Fred Scanlan
1%
George McNamara
1%
Gordie Drillon
1%
Graham Drinkwater
1%
Hap Holmes
1%
Harry Cameron
1%
Harry Oliver
1%
Harry Trihey
1%
Jack Darragh
1%
Jack Ruttan
1%
Marty Walsh
1%
Mickey MacKay
1%
Moose Goheen
1%
Neil Colville
1%
Punch Broadbent
1%
Rat Westwick
1%
Red Dutton
1%
Red Horner
1%
Reg Noble
1%
Riley Hern
1%
Rusty Crawford
1%
Silas Griffis
1%
Steamer Maxwell
1%
Tom Hooper
1%
Tommy Dunderdale
1%
Billy McGimsie
0%
Bouse Hutton
0%
Frederick Whitcroft
0%
Harry Hyland
0%
Hughie Lehman
0%
Percy LeSueur
0%
No matching quizzes found
Score Distribution
Percent of People with Each Score
Percentile by Number Answered
Your Score History
You have not taken this quiz since the last reset